LEADER 01171nam a2200241 i 4500 001 000000251357 003 CaOOAMICUS 005 20161104000000.0 008 161104s1815 it u000 u ita u 013 $a230262 026 $ae,b- lere seto trta (3) 1815 (A) 040 $aSeMil$bita 245 10$aCodice civile universale austriaco pel Regno Lombardo-Veneto ... Parte prima. 250 $aEdizione uffiziale. 260 $aMilano :$bDalla Cesarea Regia Stamperia,$c1. novembre 1815. 300 $a[16], 378, [2] p. ;$c8°. 500 $aContiene anche Parte seconda e Parte terza, introdotte da occhietto. - Stemma imperiale con monogramma di Francesco I. sul front. 650 4$aLombardo-Veneto <1815-1859> - Diritto e legislazione.$0(OLS)http://semarc/subject/1315 710 1 $aRegno Lombardo-Veneto.$0(OLS)http://semarc/name/1951 850 $aSeMil 852 $aSeMil$W1$xVenegono$y1$m3L IV 85 FA$j201703$B201703$CSeMilBibl$Z2$F213998 $8I 996 $6245$aCodice civile universale austriaco pel Regno Lombardo-Veneto ... Parte prima$9(OLS)http://semarc/title/353536 996 $6260$aMilano :$bDalla Cesarea Regia Stamperia$9(OLS)http://semarc/publisher/49820 LEADER 01388nam a2200289 i 4500 001 000000051943 003 CaOOAMICUS 005 20040518000000.0 008 040301s1996 be u000 u fre u 013 $a23115 020 $a2-503-50531-7 040 $aSeMil$bita 100 1 $aWeijers, Olga.$0(OLS)http://semarc/name/225 245 13$aLe maniement du savoir :$bpratiques intellectuelles à l'époque des premières universités (13.-14. siècles) /$cOlga Weijers. 260 $aTurnhout :$bBrepols,$c1996. 300 $a266 p. :$b31 ill. ;$c30 cm. 490 0 $aStudia Artistarum. Subsidia : études sur la Faculté des arts dans les universités médiévales ;$v1. 500 $aContiene : Bibliographie [sezioni] ; Appendice. 650 4$aCultura - Storia.$0(OLS)http://semarc/subject/1815 650 4$aUniversità.$0(OLS)http://semarc/subject/8066 830 0$aStudia Artistarum. Subsidia ;$v1.$0(OLS)http://semarc/title/5736 850 $aSeMil 852 $aSeMil$W1$xVenegono$y1$m5J X 30$j18098$B18098$CSeMilBibl$Z2$F18099 $81 961 $aSottoscrizione: Brepols 996 $6020$a2-503-50531-7$9(OLS)http://semarc/number/26230 996 $6245$aLe maniement du savoir :$bpratiques intellectuelles à l'époque des premières universités (13.-14. siècles)$9(OLS)http://semarc/title/79620 996 $6260$aTurnhout :$bBrepols$9(OLS)http://semarc/publisher/29626